Diverse worship : (Record no. 126753)
[ view plain ]
| 000 -LEADER | |
|---|---|
| fixed length control field | 01155cam a22002894a 4500 |
| 001 - CONTROL NUMBER | |
| control field | 11902635 |
| 003 - CONTROL NUMBER IDENTIFIER | |
| control field | ARRUPE |
| 005 - DATE AND TIME OF LATEST TRANSACTION | |
| control field | 20170824100557.0 |
| 008 - FIXED-LENGTH DATA ELEMENTS--GENERAL INFORMATION | |
| fixed length control field | 000203s2000 ilu b 000 0 eng |
| 010 ## - LIBRARY OF CONGRESS CONTROL NUMBER | |
| LC control number | 00024894 |
| 020 ## - INTERNATIONAL STANDARD BOOK NUMBER | |
| International Standard Book Number | 0830815791 (pkb. : alk. paper) |
| 040 ## - CATALOGING SOURCE | |
| Original cataloging agency | DLC |
| Transcribing agency | DLC |
| Modifying agency | DLC |
| 042 ## - AUTHENTICATION CODE | |
| Authentication code | pcc |
| 043 ## - GEOGRAPHIC AREA CODE | |
| Geographic area code | n-us--- |
| -- | cc----- |
| -- | n-mx--- |
| 050 00 - LIBRARY OF CONGRESS CALL NUMBER | |
| Classification number | BR563.N4 |
| Item number | M297 2000 |
| 082 00 - DEWEY DECIMAL CLASSIFICATION NUMBER | |
| Classification number | 264/.0089 |
| Edition number | 21 |
| 300 ## - PHYSICAL DESCRIPTION | |
| Dimensions | 21 cm. |
| 100 2# - MAIN ENTRY--PERSONAL NAME | |
| Personal name | Maynard-Reid, Pedrito U. |
| 9 (RLIN) | 35171 |
| 245 10 - TITLE STATEMENT | |
| Title | Diverse worship : |
| Remainder of title | African-American, Caribbean & Hispanic perspectives / |
| Statement of responsibility, etc | Pedrito U. Maynard-Reid. |
| 260 ## - PUBLICATION, DISTRIBUTION, ETC. (IMPRINT) | |
| Place of publication, distribution, etc | Downers Grove, Ill. : |
| Name of publisher, distributor, etc | InterVarsity Press, |
| Date of publication, distribution, etc | c2000. |
| 300 ## - PHYSICAL DESCRIPTION | |
| Extent | 259 p. ; |
| 504 ## - BIBLIOGRAPHY, ETC. NOTE | |
| Bibliography, etc | Includes bibliographical references (p. [247]-259). |
| 650 #0 - SUBJECT ADDED ENTRY--TOPICAL TERM | |
| Topical term or geographic name as entry element | African American public worship. |
| 9 (RLIN) | 35172 |
| 650 #0 - SUBJECT ADDED ENTRY--TOPICAL TERM | |
| Topical term or geographic name as entry element | Public worship |
| Geographic subdivision | Caribbean area. |
| 9 (RLIN) | 35173 |
| 650 #0 - SUBJECT ADDED ENTRY--TOPICAL TERM | |
| Topical term or geographic name as entry element | Public worship |
| Geographic subdivision | Mexico. |
| 9 (RLIN) | 35174 |
| 650 #0 - SUBJECT ADDED ENTRY--TOPICAL TERM | |
| Topical term or geographic name as entry element | Hispanic Americans |
| General subdivision | Religion. |
| 9 (RLIN) | 22587 |
| 906 ## - LOCAL DATA ELEMENT F, LDF (RLIN) | |
| a | 7 |
| b | cbc |
| c | orignew |
| d | 1 |
| e | ocip |
| f | 20 |
| g | y-gencatlg |
| 942 ## - ADDED ENTRY ELEMENTS (KOHA) | |
| Source of classification or shelving scheme | Library of Congress Classification |
| Koha item type | Monograph ( Printed materials) |
| Withdrawn status | Lost status | Source of classification or shelving scheme | Damaged status | Not for loan | Collection code | Home library | Current library | Shelving location | Date acquired | Total Checkouts | Full call number | Barcode | Date last seen | Price effective from | Koha item type |
|---|---|---|---|---|---|---|---|---|---|---|---|---|---|---|---|
| Library of Congress Classification | Main Collection | ARRUPE LIBRARY | ARRUPE LIBRARY | Main Collection | 24/08/2017 | BR563.N4 M297 2000 | 46500023499 | 24/08/2017 | 24/08/2017 | Monograph ( Printed materials) |